Wird geladen...
The Oxford encyclopaedia of world history/
| Format: | Printed Book |
|---|---|
| Veröffentlicht: |
Oxford:
Oxford University Press,
1998.
|
| Schlagworte: |
| LEADER | 00499nam a22001451a 4500 | ||
|---|---|---|---|
| 020 | |a 9780198602231 | ||
| 082 | |a R 909.003 |b ENC | ||
| 245 | |a The Oxford encyclopaedia of world history/ | ||
| 260 | |a Oxford: |b Oxford University Press, |c 1998. | ||
| 300 | |a 747p. | ||
| 650 | |a History World |9 68385 | ||
| 650 | |a History |9 68386 | ||
| 942 | |c REF | ||
| 999 | |c 32788 |d 32788 | ||
| 952 | |0 0 |1 0 |4 0 |6 R_909_003000000000000_ENC |7 0 |9 47519 |a SSUS |b SSUS |c REF |d 2015-01-08 |g 1250.00 |o R 909.003 ENC |p 020185 |r 2015-01-08 |v 0.00 |w 2015-01-08 |y REF | ||